<?xml version="1.0" encoding="UTF-8"?>
<marc:record xmlns:marc="http://www.loc.gov/MARC21/slim">
   <marc:leader>00000nam a2200000 a 4500</marc:leader>
   <marc:datafield ind1="1" ind2=" " tag="100">
      <marc:subfield code="a">Petrov, Arcady</marc:subfield>
      <marc:subfield code="4">aut</marc:subfield>
      <marc:subfield code="e">Verfasser/-in</marc:subfield>
   </marc:datafield>
   <marc:datafield ind1="0" ind2="0" tag="245">
      <marc:subfield code="a">Erschaffung der Welt</marc:subfield>
   </marc:datafield>
   <marc:datafield ind1="0" ind2="0" tag="245">
      <marc:subfield code="b">Rette Dich</marc:subfield>
   </marc:datafield>
   <marc:datafield ind1="0" ind2="0" tag="245">
      <marc:subfield code="c">Arcady Petrov</marc:subfield>
   </marc:datafield>
   <marc:datafield ind1=" " ind2="1" tag="264">
      <marc:subfield code="a">Norderstedt</marc:subfield>
      <marc:subfield code="b">Books on Demand</marc:subfield>
      <marc:subfield code="c">2014</marc:subfield>
   </marc:datafield>
   <marc:datafield ind1="1" ind2=" " tag="520">
      <marc:subfield code="a">Angaben aus der Verlagsmeldung

"Erschaffung der Welt" , BAND 1 „Rette Dich“ / von Arcady Petrov

Was Sie in diesem Buch lesen werden, ist nicht auf fernen Planeten geschehen, sondern auf der Erde und mit Menschen, die zu dieser Zeit leben..... Das Buch beschreibt in lebhafter und bildreicher Sprache den Werdegang Petrovs und auf seinem "neuen Weg", die Zusammenarbeit und Entwicklung mit anderen Wissenschaftlern und Heilern sowie Beispiele aus seiner Praxis. Historische Entwicklungen werden zum Vergleich herangezogen. Ein interessanter Einblick in Leben und Arbeit des in Russland sehr bekannten Leiters mehrerer Hellseher-Schulen.
</marc:subfield>
   </marc:datafield>
   <marc:datafield ind1=" " ind2=" " tag="020">
      <marc:subfield code="a">9783735788818</marc:subfield>
      <marc:subfield code="9">9783735788818</marc:subfield>
   </marc:datafield>
   <marc:datafield ind1=" " ind2=" " tag="041">
      <marc:subfield code="a">ger</marc:subfield>
   </marc:datafield>
   <marc:datafield ind1=" " ind2=" " tag="300">
      <marc:subfield code="a">Online-Ressource</marc:subfield>
   </marc:datafield>
</marc:record>
